Rozpoznaj rybę po zdjęciu - Statystyki

Ogólne statystyki
  • Ten quiz został rozwiązany 3 330 razy
  • Średni wynik to 6 z 15
Statystyki odpowiedzi
Obrazkowy Odpowiedź % Poprawnych
Sum
89%
Ryba {młot}
84%
Konik morski
82%
Błazenek
64%
Żarłacz biały
63%
Ryba {miecz}
44%
Rekin {wielorybi}
40%
Rozdymka
38%
Manta
37%
Murena
30%
Barrakuda
24%
Skrzydlica
16%
Pstrąg tęczowy
12%
{Papugo}ryba
9%
Zebrasoma żółta
4%
Nie znaleziono quizów pasujących do podanych kryteriów
Rozkład punktacji
Procent ludzi z każdym wynikiem
Percentyl według liczby udzielonych odpowiedzi
Twoja historia wyników
Nie rozwiązałeś tego quizu